| 000 | 00355nam a2200157Ia 4500 | ||
|---|---|---|---|
| 005 | 20250402050857.0 | ||
| 008 | 240331s9999 xx 000 0 und d | ||
| 020 | _a9552110807 | ||
| 082 |
_bMOR _a891 |
||
| 100 | _aMoriar,D.D | ||
| 245 | 0 | _aRebeca | |
| 260 |
_aColombo _bM.D. Gunasena _c2000 |
||
| 300 | _a174 p ., | ||
| 650 | _aShort Stories | ||
| 942 | _cL | ||
| 999 |
_c4900 _d4900 |
||